000 00288nam a22001217a 4500
008 180214b xxu||||| |||| 00| 0 eng d
041 _aeng
080 _a94
100 _a16
101 _aHIS
245 _aPICTORIAL HISTORIES OF THE AZTECS AND MIXTECS
_cBOONE.E.H
942 _2udc
_cBK
999 _c42517
_d42517